00398nam a2200193Ia 4500003000900000008004100009040001300050040001300063041000800076100001900084100000900103245003200112250001000144260001200154260000900166300001100175300001200186490000600198IT-RoPAU120407s9999 xx 000 0 und d aIT-RoPAU cIT-RoPAU afra aM. A. Levassor cofm. aAction et vie chrétienne. aParis aL’Epi c1965 a176 p. c18,5 cm v1